000 00365nam a2200169Ia 4500
005 20250423095247.0
008 250422s9999 xx 000 0 und d
020 _a0340740647
050 _aRC 156 .E845/
245 0 _aEssential malariology
250 _a4th ed.
260 _aLondon
260 _bArnold
260 _c2002
300 _a348 p
942 _cBK
999 _c29732
_d29732